Neistota na akciových trhoch bakalárska práca

Gespeichert in:
Bibliographische Detailangaben
1. Verfasser: Pančík, Ladislav, 1989-
Körperschaft: Podnikovohospodárska fakulta EU so sídlom v Košiciach. Katedra hospodárskej informatiky a matematiky
Weitere Verfasser: Lyócsa, Štefan, 1982-
Format: Buch
Sprache:Slowakisch
Veröffentlicht: Košice 2012
Tags: Tag hinzufügen
Keine Tags, Fügen Sie das erste Tag hinzu!

MARC

LEADER 00000nbm a2200000 4500
001 0155525
005 20161109111857.7
041 0 |a slo 
044 |a SK 
245 1 0 |a Neistota na akciových trhoch  |b bakalárska práca  |c Ladislav Pančík ; školiteľ: Štefan Lyócsa 
264 1 |a Košice  |c 2012 
300 |a 43 s. 
100 1 |a Pančík, Ladislav, 1989- 
700 1 |a Lyócsa, Štefan, 1982- 
710 2 |a Podnikovohospodárska fakulta EU so sídlom v Košiciach. Katedra hospodárskej informatiky a matematiky